[Event "Deutsche Ländermeisterschaft 2019"]
[Site "Würzburg GER"]
[Date "2019.10.02"]
[Round "1"]
[White "Nguyen, Huy Dat"]
[Black "Lagunow, Raphael"]
[Result "0-1"]
[Termination "normal"]
[Board "1.1"]
[BlackTitle "IM"]
[WhiteElo "2181"]
[BlackElo "2433"]
[WhiteClock "00:00:37"]
[BlackClock "00:00:34"]
[WhiteTeam "Thüringen"]
[BlackTeam "Berlin"]
[PlyCount "81"]
[WhiteFideId "12923486"]
[BlackFideId "24652644"]
[EventCountry "GER"]
[EventRounds "7"]
[EventType "team-swiss"]
[EventDate "2019.10.01"]

1. e4 {[%clk 1:30:57]} d6 {[%clk 1:30:50]} 2. d4 {[%clk 1:31:19]} Nf6 {[%clk
1:31:15]} 3. Nc3 {[%clk 1:31:44]} g6 {[%clk 1:31:40]} 4. Nf3 {[%clk 1:30:09]}
Bg7 {[%clk 1:31:33]} 5. Be3 {[%clk 1:29:38]} c6 {[%clk 1:29:53]} 6. Qd2 {[%clk
1:25:34]} O-O {[%clk 1:29:03]} 7. Bh6 {[%clk 1:20:38]} b5 {[%clk 1:23:41]} 8.
Bd3 {[%clk 1:13:55]} Bg4 {[%clk 1:07:15]} 9. O-O-O {[%clk 1:05:06]} e5 {[%clk
0:51:50]} 10. dxe5 {[%clk 0:57:09]} dxe5 {[%clk 0:51:02]} 11. h3 {[%clk
0:55:43]} Bxf3 {[%clk 0:50:23]} 12. gxf3 {[%clk 0:56:08]} Nh5 {[%clk 0:43:18]}
13. Rdg1 {[%clk 0:50:18]} Nd7 {[%clk 0:37:37]} 14. Ne2 {[%clk 0:42:48]} Nc5
{[%clk 0:31:35]} 15. h4 {[%clk 0:37:32]} Ne6 {[%clk 0:25:03]} 16. Ng3 {[%clk
0:31:00]} Nhf4 {[%clk 0:21:40]} 17. Bxg7 {[%clk 0:29:17]} Nxg7 {[%clk 0:21:13]}
18. h5 {[%clk 0:29:24]} a6 {[%clk 0:20:06]} 19. hxg6 {[%clk 0:24:33]} fxg6
{[%clk 0:20:15]} 20. Rd1 {[%clk 0:20:51]} Qe7 {[%clk 0:16:24]} 21. Qe3 {[%clk
0:19:03]} c5 {[%clk 0:14:48]} 22. Rh2 {[%clk 0:17:17]} c4 {[%clk 0:14:10]} 23.
Be2 {[%clk 0:16:46]} Nge6 {[%clk 0:14:34]} 24. Rdh1 {[%clk 0:16:44]} h5 {[%clk
0:11:49]} 25. Bd1 {[%clk 0:13:33]} Rad8 {[%clk 0:11:21]} 26. Qe1 {[%clk
0:13:07]} b4 {[%clk 0:08:51]} 27. Kb1 {[%clk 0:12:23]} Qc5 {[%clk 0:08:13]} 28.
Nf1 {[%clk 0:05:31]} c3 {[%clk 0:06:45]} 29. Ne3 {[%clk 0:04:34]} cxb2 {[%clk
0:05:34]} 30. Be2 {[%clk 0:02:45]} Qc3 {[%clk 0:01:37]} 31. Bc4 {[%clk
0:02:07]} Qxe1+ {[%clk 0:00:36]} 32. Rxe1 {[%clk 0:02:32]} a5 {[%clk 0:00:51]}
33. Kxb2 {[%clk 0:02:45]} Kg7 {[%clk 0:01:15]} 34. Ng2 {[%clk 0:01:39]} Nd4
{[%clk 0:01:23]} 35. Re3 {[%clk 0:01:04]} Nxg2 {[%clk 0:01:13]} 36. Rxg2 {[%clk
0:01:26]} Rxf3 {[%clk 0:01:32]} 37. Rxf3 {[%clk 0:01:41]} Nxf3 {[%clk 0:01:57]}
38. Be2 {[%clk 0:01:59]} Nd4 {[%clk 0:00:33]} 39. Bxh5 {[%clk 0:02:09]} Kh6
{[%clk 0:00:34]} 40. Bg4 {[%clk 0:02:22]} Nb5 {[%clk 0:00:34]} 41. Be6 {[%clk
0:00:37]} *

[Event "Deutsche Ländermeisterschaft 2019"]
[Site "Würzburg GER"]
[Date "2019.10.02"]
[Round "1"]
[White "Schmidek, Emil"]
[Black "Ratay, Meike"]
[Result "1-0"]
[Termination "normal"]
[Board "1.2"]
[WhiteTitle "FM"]
[WhiteElo "2387"]
[BlackElo "2032"]
[WhiteClock "00:02:53"]
[BlackClock "00:02:13"]
[WhiteTeam "Berlin"]
[BlackTeam "Thüringen"]
[PlyCount "67"]
[WhiteFideId "12908150"]
[BlackFideId "12977608"]
[EventCountry "GER"]
[EventRounds "7"]
[EventType "team-swiss"]
[EventDate "2019.10.01"]

1. e4 {[%clk 1:30:55]} c5 {[%clk 1:30:55]} 2. Nf3 {[%clk 1:31:18]} d6 {[%clk
1:31:21]} 3. d4 {[%clk 1:31:45]} Nf6 {[%clk 1:31:43]} 4. Nc3 {[%clk 1:32:07]}
cxd4 {[%clk 1:32:09]} 5. Nxd4 {[%clk 1:32:32]} a6 {[%clk 1:32:36]} 6. Bg5
{[%clk 1:32:57]} e6 {[%clk 1:33:00]} 7. f4 {[%clk 1:33:22]} Nbd7 {[%clk
1:33:22]} 8. Qf3 {[%clk 1:33:40]} Qc7 {[%clk 1:33:40]} 9. O-O-O {[%clk
1:33:49]} b5 {[%clk 1:33:47]} 10. Bd3 {[%clk 1:33:24]} Bb7 {[%clk 1:33:54]} 11.
Rhe1 {[%clk 1:33:45]} Qb6 {[%clk 1:33:55]} 12. Qe3 {[%clk 1:13:19]} O-O-O
{[%clk 1:33:53]} 13. f5 {[%clk 1:12:54]} e5 {[%clk 1:34:05]} 14. Nb3 {[%clk
1:13:18]} Be7 {[%clk 1:32:56]} 15. Qxb6 {[%clk 0:57:24]} Nxb6 {[%clk 1:33:19]}
16. Na5 {[%clk 0:57:41]} h6 {[%clk 1:19:17]} 17. Bxf6 {[%clk 0:42:29]} Bxf6
{[%clk 1:19:19]} 18. a4 {[%clk 0:41:24]} b4 {[%clk 1:04:16]} 19. Na2 {[%clk
0:35:07]} Nxa4 {[%clk 1:02:43]} 20. Bc4 {[%clk 0:16:43]} Nc5 {[%clk 0:39:46]}
21. Bd5 {[%clk 0:17:02]} Bxd5 {[%clk 0:36:02]} 22. Rxd5 {[%clk 0:17:24]} g6
{[%clk 0:31:04]} 23. fxg6 {[%clk 0:12:16]} fxg6 {[%clk 0:31:25]} 24. Nxb4
{[%clk 0:11:12]} Rhf8 {[%clk 0:29:02]} 25. Kb1 {[%clk 0:05:34]} Bg7 {[%clk
0:17:15]} 26. Nc4 {[%clk 0:03:53]} Kc7 {[%clk 0:10:28]} 27. Nxd6 {[%clk
0:03:21]} Rxd6 {[%clk 0:09:53]} 28. Rxc5+ {[%clk 0:03:46]} Kb7 {[%clk 0:07:52]}
29. Nd5 {[%clk 0:04:04]} Rd7 {[%clk 0:06:56]} 30. Re3 {[%clk 0:02:03]} Rf1+
{[%clk 0:03:54]} 31. Ka2 {[%clk 0:02:29]} Rf2 {[%clk 0:03:40]} 32. Rb3+ {[%clk
0:02:50]} Ka7 {[%clk 0:03:31]} 33. Rc6 {[%clk 0:02:32]} Rxg2 {[%clk 0:02:13]}
34. Nc7 {[%clk 0:02:53]} 1-0

[Event "Deutsche Ländermeisterschaft 2019"]
[Site "Würzburg GER"]
[Date "2019.10.02"]
[Round "1"]
[White "Kölle, Tobias"]
[Black "Krastev, Alexander"]
[Result "1-0"]
[Termination "normal"]
[Board "2.2"]
[BlackTitle "FM"]
[WhiteElo "2275"]
[BlackElo "2343"]
[WhiteClock "00:36:50"]
[BlackClock "00:25:55"]
[WhiteTeam "Württemberg"]
[BlackTeam "Hessen"]
[PlyCount "88"]
[WhiteFideId "16207378"]
[BlackFideId "12989983"]
[EventCountry "GER"]
[EventRounds "7"]
[EventType "team-swiss"]
[EventDate "2019.10.01"]

1. d4 {[%clk 1:30:57]} Nf6 {[%clk 1:30:56]} 2. c4 {[%clk 1:31:20]} g6 {[%clk
1:31:21]} 3. Nf3 {[%clk 1:31:17]} Bg7 {[%clk 1:31:46]} 4. g3 {[%clk 1:31:37]}
O-O {[%clk 1:29:40]} 5. Bg2 {[%clk 1:32:02]} c5 {[%clk 1:29:29]} 6. O-O {[%clk
1:32:21]} Nc6 {[%clk 1:28:58]} 7. d5 {[%clk 1:28:19]} Na5 {[%clk 1:29:23]} 8.
Qd3 {[%clk 1:26:08]} d6 {[%clk 1:29:40]} 9. Nc3 {[%clk 1:25:17]} a6 {[%clk
1:29:50]} 10. e4 {[%clk 1:19:12]} Rb8 {[%clk 1:23:14]} 11. Qe2 {[%clk 1:17:50]}
b5 {[%clk 1:19:17]} 12. e5 {[%clk 1:17:53]} Ng4 {[%clk 1:14:39]} 13. e6 {[%clk
1:15:10]} f5 {[%clk 1:03:38]} 14. h3 {[%clk 1:02:51]} Nf6 {[%clk 0:55:36]} 15.
Ng5 {[%clk 1:00:05]} Nxc4 {[%clk 0:54:04]} 16. Nf7 {[%clk 1:00:28]} Qe8 {[%clk
0:54:08]} 17. Nh6+ {[%clk 0:58:26]} Kh8 {[%clk 0:54:34]} 18. Nf7+ {[%clk
0:58:43]} Rxf7 {[%clk 0:54:01]} 19. exf7 {[%clk 0:59:07]} Qxf7 {[%clk 0:54:28]}
20. Re1 {[%clk 0:58:54]} Bb7 {[%clk 0:52:01]} 21. Qxe7 {[%clk 0:52:11]} Qxe7
{[%clk 0:51:41]} 22. Rxe7 {[%clk 0:52:38]} b4 {[%clk 0:51:41]} 23. Na4 {[%clk
0:51:50]} Bxd5 {[%clk 0:50:02]} 24. b3 {[%clk 0:44:56]} Bxg2 {[%clk 0:41:26]}
25. Kxg2 {[%clk 0:45:00]} Ne5 {[%clk 0:41:31]} 26. Ra7 {[%clk 0:34:06]} Nd3
{[%clk 0:35:01]} 27. Be3 {[%clk 0:32:12]} f4 {[%clk 0:34:04]} 28. gxf4 {[%clk
0:29:08]} Nd5 {[%clk 0:33:52]} 29. Rd1 {[%clk 0:28:49]} N5xf4+ {[%clk 0:32:39]}
30. Kh1 {[%clk 0:27:50]} Be5 {[%clk 0:30:05]} 31. Rxa6 {[%clk 0:27:59]} Rd8
{[%clk 0:20:38]} 32. Rd2 {[%clk 0:26:45]} Re8 {[%clk 0:07:55]} 33. h4 {[%clk
0:16:25]} Ne1 {[%clk 0:00:54]} 34. Nb6 {[%clk 0:13:35]} Nf3 {[%clk 0:01:18]}
35. Rd1 {[%clk 0:13:55]} Ne2 {[%clk 0:00:47]} 36. Nc4 {[%clk 0:13:14]} Nc3
{[%clk 0:00:56]} 37. Nxe5 {[%clk 0:12:46]} Nxd1 {[%clk 0:01:16]} 38. Nxf3
{[%clk 0:13:11]} Nxe3 {[%clk 0:01:43]} 39. fxe3 {[%clk 0:13:34]} Rxe3 {[%clk
0:02:09]} 40. Ng5 {[%clk 0:12:43]} d5 {[%clk 0:01:20]} 41. Ne6 {[%clk 0:12:14]}
h5 {[%clk 0:30:03]} 42. Nxc5 {[%clk 0:41:48]} Kg7 {[%clk 0:28:36]} 43. Kg2
{[%clk 0:41:28]} Kf7 {[%clk 0:28:07]} 44. Ra4 {[%clk 0:36:50]} Kf6 {[%clk
0:25:55]} *

[Event "Deutsche Ländermeisterschaft 2019"]
[Site "Würzburg GER"]
[Date "2019.10.02"]
[Round "1"]
[White "Popist, Florian"]
[Black "Kololli, Martin"]
[Result "0-1"]
[Termination "normal"]
[Board "5.3"]
[BlackTitle "FM"]
[WhiteElo "2019"]
[BlackElo "2310"]
[WhiteClock "01:14:33"]
[BlackClock "01:20:00"]
[WhiteTeam "SG Hamburg/Schleswig-Holstein"]
[BlackTeam "Schleswig-Holstein"]
[PlyCount "44"]
[WhiteFideId "16203518"]
[BlackFideId "12936910"]
[EventCountry "GER"]
[EventRounds "7"]
[EventType "team-swiss"]
[EventDate "2019.10.01"]

1. e4 {[%clk 1:30:55]} e5 {[%clk 1:30:54]} 2. Nf3 {[%clk 1:31:20]} Nc6 {[%clk
1:31:18]} 3. d4 {[%clk 1:31:44]} exd4 {[%clk 1:31:43]} 4. Nxd4 {[%clk 1:32:08]}
Qf6 {[%clk 1:32:03]} 5. Nb3 {[%clk 1:31:47]} Qg6 {[%clk 1:31:43]} 6. f3 {[%clk
1:31:36]} Bd6 {[%clk 1:31:14]} 7. Nc3 {[%clk 1:31:36]} Nf6 {[%clk 1:27:28]} 8.
g4 {[%clk 1:31:47]} O-O {[%clk 1:22:58]} 9. Be3 {[%clk 1:31:41]} Bb4 {[%clk
1:20:44]} 10. g5 {[%clk 1:21:43]} Nxe4 {[%clk 1:17:10]} 11. Bd3 {[%clk
1:18:51]} Nxc3 {[%clk 1:17:30]} 12. Bxg6 {[%clk 1:13:12]} Nxd1+ {[%clk
1:17:42]} 13. Kxd1 {[%clk 1:13:34]} fxg6 {[%clk 1:17:58]} 14. c3 {[%clk
1:12:22]} Be7 {[%clk 1:18:18]} 15. f4 {[%clk 1:12:37]} d5 {[%clk 1:18:43]} 16.
Kd2 {[%clk 1:12:48]} Bh3 {[%clk 1:18:53]} 17. Nc1 {[%clk 1:12:59]} Bd6 {[%clk
1:18:48]} 18. Nd3 {[%clk 1:13:20]} Rae8 {[%clk 1:19:01]} 19. Rae1 {[%clk
1:13:37]} Bg2 {[%clk 1:18:45]} 20. Rhg1 {[%clk 1:14:00]} Be4 {[%clk 1:19:11]}
21. Rgf1 {[%clk 1:14:19]} Bxd3 {[%clk 1:19:34]} 22. Kxd3 {[%clk 1:14:33]} Re4
{[%clk 1:20:00]} 0-1

[Event "Deutsche Ländermeisterschaft 2019"]
[Site "Würzburg GER"]
[Date "2019.10.02"]
[Round "1"]
[White "Arnhold, Steffi"]
[Black "Schiewe, Nadin"]
[Result "1-0"]
[Termination "normal"]
[Board "6.5"]
[WhiteElo "2048"]
[BlackElo "1593"]
[WhiteClock "00:32:50"]
[BlackClock "00:28:38"]
[WhiteTeam "Sachsen"]
[BlackTeam "SG Brandenburg / Berlin"]
[PlyCount "82"]
[WhiteFideId "12931365"]
[BlackFideId "16209079"]
[EventCountry "GER"]
[EventRounds "7"]
[EventType "team-swiss"]
[EventDate "2019.10.01"]

1. e4 d5 2. exd5 Qxd5 3. Nc3 Qa5 4. d4 c6 5. Nf3 Nf6 6. Bc4 Bf5 7. O-O e6 8.
Re1 Bd6 9. Bd2 Qc7 10. h3 O-O 11. Nh4 Nbd7 12. Nxf5 exf5 13. Qf3 g6 14. Bb3 Nb6
15. Bg5 Ne8 16. Rad1 a6 17. Ne2 Be7 18. Bh6 Ng7 19. Nf4 Bf6 20. Qg3 Rac8 21. c3
Rfe8 22. Rxe8+ Rxe8 23. Nh5 Qe7 24. Nxf6+ Qxf6 25. Bg5 f4 26. Qxf4 Qxf4 27.
Bxf4 Re2 28. Bd2 a5 29. Kf1 Re7 30. a3 a4 31. Ba2 Rd7 32. Ke2 Kf8 33. Bc1 Ke7
34. Bb1 f5 35. Bc2 c5 36. dxc5 Rxd1 37. Bxd1 Ne6 38. Be3 Nxc5 39. Bd4 Nbd7 40.
Ke3 b5 41. Be2 Kd6 {normal} 1-0

[Event "Deutsche Ländermeisterschaft 2019"]
[Site "Würzburg GER"]
[Date "2019.10.02"]
[Round "1"]
[White "Fromm, Marius"]
[Black "Roseneck, Jonas"]
[Result "1/2-1/2"]
[Termination "normal"]
[Board "7.1"]
[BlackTitle "FM"]
[WhiteElo "2124"]
[BlackElo "2402"]
[WhiteClock "00:11:25"]
[BlackClock "00:00:38"]
[WhiteTeam "Mecklenburg-Vorpommern"]
[BlackTeam "Sachsen-Anhalt"]
[PlyCount "80"]
[WhiteFideId "12993190"]
[BlackFideId "12939870"]
[EventCountry "GER"]
[EventRounds "7"]
[EventType "team-swiss"]
[EventDate "2019.10.01"]

1. Nf3 {[%clk 1:30:53]} Nf6 {[%clk 1:30:45]} 2. c4 {[%clk 1:31:18]} c5 {[%clk
1:31:10]} 3. Nc3 {[%clk 1:31:24]} d5 {[%clk 1:31:23]} 4. cxd5 {[%clk 1:31:46]}
Nxd5 {[%clk 1:31:50]} 5. g3 {[%clk 1:31:59]} Nc6 {[%clk 1:32:15]} 6. Bg2 {[%clk
1:32:25]} Nc7 {[%clk 1:32:33]} 7. O-O {[%clk 1:32:43]} e5 {[%clk 1:32:41]} 8.
a3 {[%clk 1:32:57]} Rb8 {[%clk 1:32:52]} 9. d3 {[%clk 1:31:34]} Be7 {[%clk
1:29:24]} 10. Be3 {[%clk 1:27:34]} O-O {[%clk 1:22:10]} 11. Rb1 {[%clk
1:16:48]} Be6 {[%clk 1:13:37]} 12. b4 {[%clk 1:05:23]} cxb4 {[%clk 1:01:59]}
13. axb4 {[%clk 1:03:23]} Bxb4 {[%clk 0:40:42]} 14. Rxb4 {[%clk 1:02:46]} Nxb4
{[%clk 0:40:58]} 15. Bxa7 {[%clk 1:01:16]} Rc8 {[%clk 0:31:54]} 16. Bc5 {[%clk
0:59:34]} Nca6 {[%clk 0:27:01]} 17. Bxf8 {[%clk 0:59:43]} Qxf8 {[%clk 0:27:17]}
18. Qd2 {[%clk 0:50:56]} f6 {[%clk 0:19:35]} 19. d4 {[%clk 0:45:31]} Rd8 {[%clk
0:16:28]} 20. Qe3 {[%clk 0:40:22]} Nc2 {[%clk 0:09:16]} 21. Qe4 {[%clk
0:39:38]} Nxd4 {[%clk 0:09:32]} 22. Nxd4 {[%clk 0:39:52]} Rxd4 {[%clk 0:09:24]}
23. Qxb7 {[%clk 0:40:17]} Nb4 {[%clk 0:04:57]} 24. Ra1 {[%clk 0:39:17]} Rd8
{[%clk 0:03:49]} 25. Qb6 {[%clk 0:23:11]} Qd6 {[%clk 0:02:53]} 26. Qxd6 {[%clk
0:22:27]} Rxd6 {[%clk 0:03:10]} 27. Ne4 {[%clk 0:21:19]} Rd8 {[%clk 0:02:42]}
28. Rb1 {[%clk 0:19:55]} Nc2 {[%clk 0:01:50]} 29. Nc5 {[%clk 0:18:26]} Bf7
{[%clk 0:02:01]} 30. e3 {[%clk 0:18:25]} Na3 {[%clk 0:02:05]} 31. Rc1 {[%clk
0:18:08]} Nc4 {[%clk 0:02:04]} 32. Nb7 {[%clk 0:13:48]} Rc8 {[%clk 0:01:22]}
33. Na5 {[%clk 0:12:57]} Nb6 {[%clk 0:01:36]} 34. Rxc8+ {[%clk 0:13:11]} Nxc8
{[%clk 0:02:05]} 35. Kf1 {[%clk 0:12:49]} Kf8 {[%clk 0:02:07]} 36. Ke2 {[%clk
0:12:29]} Ke7 37. Nb7 {[%clk 0:12:34]} Nb6 {[%clk 0:02:04]} 38. Kd3 {[%clk
0:12:15]} g6 {[%clk 0:01:09]} 39. h4 {[%clk 0:11:59]} Bg8 {[%clk 0:00:42]} 40.
Nc5 {[%clk 0:11:25]} Bd5 {[%clk 0:00:38]} 1/2-1/2

[Event "Deutsche Ländermeisterschaft 2019"]
[Site "Würzburg GER"]
[Date "2019.10.02"]
[Round "1"]
[White "Vianden, Ella"]
[Black "Roncea, Andreea-Alexandra"]
[Result "0-1"]
[Termination "normal"]
[Board "8.8"]
[WhiteElo "1306"]
[BlackElo "1590"]
[WhiteTeam "SG Bremen / Niedersachsen"]
[BlackTeam "Niedersachsen"]
[PlyCount "60"]
[WhiteFideId "16235592"]
[BlackFideId "16233115"]
[EventCountry "GER"]
[EventRounds "7"]
[EventType "team-swiss"]
[EventDate "2019.10.01"]

1. e4 e5 2. Nf3 Nc6 3. Bb5 a6 4. Ba4 b5 5. Bb3 Bb7 6. c3 Be7 7. O-O Nf6 8. Re1
O-O 9. d4 d6 10. Nbd2 h6 11. Nf1 Re8 12. Ng3 Bf8 13. Bc2 g6 14. Bd2 Bg7 15. Qc1
Kh7 16. h3 Nb8 17. Nh2 Nbd7 18. Ng4 Nxg4 19. hxg4 exd4 20. cxd4 Bxd4 21. Bxh6
Qf6 22. Be3 Bxb2 23. e5 Nxe5 24. Qxb2 Nf3+ 25. gxf3 Qxb2 26. Bd3 Bxf3 27. Be2
Bxe2 28. Nxe2 Re4 29. g5 d5 30. Kf1 Qe5 0-1

[Event "Deutsche Ländermeisterschaft 2019"]
[Site "Würzburg GER"]
[Date "2019.10.02"]
[Round "1"]
[White "Riehle, Marco"]
[Black "Gschnitzer, Adrian"]
[Result "1/2-1/2"]
[Termination "normal"]
[Board "9.1"]
[WhiteTitle "FM"]
[BlackTitle "FM"]
[WhiteElo "2309"]
[BlackElo "2405"]
[WhiteTeam "Baden 2"]
[BlackTeam "Baden 1"]
[PlyCount "44"]
[WhiteFideId "12904392"]
[BlackFideId "1270337"]
[EventCountry "GER"]
[EventRounds "7"]
[EventType "team-swiss"]
[EventDate "2019.10.01"]

1. e4 e5 2. Nf3 Nc6 3. Bb5 a6 4. Ba4 Nf6 5. O-O Be7 6. Re1 b5 7. Bb3 O-O 8. c3
d5 9. exd5 Nxd5 10. Nxe5 Nxe5 11. Rxe5 c6 12. Re1 Bd6 13. d3 Qh4 14. g3 Qh3 15.
Qf3 Bf5 16. Be3 Bxd3 17. Nd2 Qf5 18. a4 Qxf3 19. Nxf3 Nxe3 20. Rxe3 Bg6 21.
axb5 axb5 22. Rxa8 Rxa8 1/2-1/2

[Event "Deutsche Ländermeisterschaft 2019"]
[Site "Würzburg GER"]
[Date "2019.10.02"]
[Round "1"]
[White "Schmider, Niklas"]
[Black "Wu, Leon"]
[Result "1-0"]
[Termination "normal"]
[Board "9.2"]
[WhiteElo "2261"]
[BlackElo "2009"]
[WhiteTeam "Baden 1"]
[BlackTeam "Baden 2"]
[PlyCount "61"]
[WhiteFideId "12993778"]
[BlackFideId "12977438"]
[EventCountry "GER"]
[EventRounds "7"]
[EventType "team-swiss"]
[EventDate "2019.10.01"]

1. e4 c5 2. Nf3 d6 3. d4 cxd4 4. Nxd4 Nf6 5. Nc3 a6 6. Bg5 Nbd7 7. Qe2 b5 8. f4
Qc7 9. O-O-O Bb7 10. g4 O-O-O 11. Bg2 e5 12. fxe5 dxe5 13. Nf5 h6 14. Bh4 g6
15. Ne3 g5 16. Bg3 Bc5 17. Ned5 Nxd5 18. Nxd5 Bxd5 19. exd5 Bd6 20. Rhf1 Rhf8
21. Rf5 Kb8 22. Kb1 Rc8 23. a4 bxa4 24. Rd3 f6 25. Bf2 Qa5 26. Bf1 Rf7 27. Rh3
Qxd5 28. Rd3 Qc6 29. Bg2 Qc4 30. Bd5 Qb4 31. Bxf7 1-0

[Event "Deutsche Ländermeisterschaft 2019"]
[Site "Würzburg GER"]
[Date "2019.10.02"]
[Round "1"]
[White "Hecht, Jonas Christian"]
[Black "Wu, Luka"]
[Result "0-1"]
[Termination "normal"]
[Board "9.3"]
[WhiteElo "1775"]
[BlackElo "2117"]
[WhiteTeam "Baden 2"]
[BlackTeam "Baden 1"]
[PlyCount "122"]
[WhiteFideId "16214846"]
[BlackFideId "12977420"]
[EventCountry "GER"]
[EventRounds "7"]
[EventType "team-swiss"]
[EventDate "2019.10.01"]

1. c4 e5 2. Nc3 Nc6 3. g3 Nf6 4. Bg2 Be7 5. d3 O-O 6. Nf3 d6 7. O-O h6 8. Rb1
a5 9. a3 Be6 10. b4 axb4 11. axb4 Qd7 12. Qc2 Bh3 13. Kh1 Bxg2+ 14. Kxg2 Nh7
15. Nd5 f5 16. b5 Nd8 17. c5 Kh8 18. cxd6 Bxd6 19. Bb2 Nf7 20. Nh4 Rfe8 21.
Ng6+ Kg8 22. Qc4 f4 23. Kh1 Qe6 24. Nh4 Nhg5 25. Rbc1 Rac8 26. Nc3 Qh3 27. Ne4
Kh7 28. Nxg5+ Nxg5 29. Qd5 b6 30. Nf3 Nxf3 31. Qxf3 Rf8 32. Qe4+ Kh8 33. Bxe5
fxg3 34. Bxg7+ Kxg7 35. Qd4+ Kh7 36. Qe4+ Qf5 37. Qxf5+ Rxf5 38. fxg3 Rxf1+ 39.
Rxf1 Kg6 40. Kg2 c6 41. Rc1 c5 42. Ra1 c4 43. dxc4 Rxc4 44. Rb1 Bc5 45. Kf3
Rc3+ 46. Kg2 Re3 47. Rb2 Kg5 48. Kf1 Kg4 49. Kg2 Re4 50. Rd2 Re5 51. Rc2 Bd4
52. Rc4 Rxe2+ 53. Kf1 Re4 54. Rc2 Re5 55. Kg2 Kf5 56. Rc6 Re2+ 57. Kh1 Kg4 58.
Rg6+ Kf3 59. h4 Rb2 60. Rxh6 Kxg3 61. Rg6+ Kh3 0-1

[Event "Deutsche Ländermeisterschaft 2019"]
[Site "Würzburg GER"]
[Date "2019.10.02"]
[Round "1"]
[White "Hänselmann, Hendrik"]
[Black "Amato, Cristiano"]
[Result "1-0"]
[Termination "normal"]
[Board "9.4"]
[WhiteElo "1732"]
[BlackElo "1746"]
[WhiteTeam "Baden 1"]
[BlackTeam "Baden 2"]
[PlyCount "63"]
[WhiteFideId "16232755"]
[BlackFideId "12998460"]
[EventCountry "GER"]
[EventRounds "7"]
[EventType "team-swiss"]
[EventDate "2019.10.01"]

1. e4 c5 2. Nf3 e6 3. d4 cxd4 4. Nxd4 Nf6 5. Nc3 Nc6 6. a3 Be7 7. Be2 d5 8.
exd5 Nxd4 9. Qxd4 exd5 10. O-O Be6 11. Bf4 O-O 12. Rad1 Qd7 13. Be5 Rfd8 14.
Rfe1 b6 15. Qf4 Rac8 16. Bb5 Qb7 17. Qa4 a5 18. Ne2 Nd7 19. Bxd7 Bxd7 20. Qb3
Bg4 21. Bxg7 Kxg7 22. Qg3 Qd7 23. h3 Rxc2 24. hxg4 Rxb2 25. Nf4 Rb5 26. Nh5+
Kf8 27. Qe5 f6 28. Nxf6 Qd6 29. Nxh7+ Ke8 30. Qf5 Rb8 31. Qf8+ Kd7 32. Rxe7+
1-0

[Event "Deutsche Ländermeisterschaft 2019"]
[Site "Würzburg GER"]
[Date "2019.10.02"]
[Round "1"]
[White "Grining, Maria"]
[Black "Wang, Xinyuan"]
[Result "1/2-1/2"]
[Termination "normal"]
[Board "9.5"]
[WhiteElo "1801"]
[BlackElo "1674"]
[WhiteTeam "Baden 2"]
[BlackTeam "Baden 1"]
[PlyCount "83"]
[WhiteFideId "16235037"]
[BlackFideId "16221494"]
[EventCountry "GER"]
[EventRounds "7"]
[EventType "team-swiss"]
[EventDate "2019.10.01"]

1. d4 d5 2. Nf3 Nf6 3. c4 e6 4. Nc3 c5 5. e3 Nc6 6. Be2 a6 7. O-O Bd6 8. b3 O-O
9. Bb2 Re8 10. Na4 cxd4 11. exd4 dxc4 12. bxc4 Bd7 13. Rb1 Qa5 14. c5 Bf8 15.
Nb6 Rad8 16. Qc1 Nd5 17. Ba1 Ncb4 18. Bc3 Nxc3 19. Qxc3 Nc6 20. Qc2 e5 21. dxe5
Nxe5 22. Nd4 Qxc5 23. Qb2 Bg4 24. Bxg4 Nxg4 25. Nf3 Ne5 26. Nxe5 Qxe5 27. Qb3
Re6 28. Nc4 Qc5 29. Ne3 b5 30. Rbc1 Qe5 31. Qc2 Bd6 32. g3 Qe4 33. Qxe4 Rxe4
34. Rfd1 Be7 35. Rxd8+ Bxd8 36. Rc8 Re8 37. Ra8 a5 38. Nf5 Rf8 39. Kg2 g6 40.
Nd6 b4 41. Nb7 Bc7 42. Ra7 1/2-1/2

[Event "Deutsche Ländermeisterschaft 2019"]
[Site "Würzburg GER"]
[Date "2019.10.02"]
[Round "1"]
[White "Schulz, Hannah"]
[Black "Färber, Sophie"]
[Result "1-0"]
[Termination "normal"]
[Board "9.6"]
[WhiteElo "1554"]
[BlackElo "1414"]
[WhiteTeam "Baden 1"]
[BlackTeam "Baden 2"]
[PlyCount "55"]
[WhiteFideId "16244745"]
[BlackFideId "16239121"]
[EventCountry "GER"]
[EventRounds "7"]
[EventType "team-swiss"]
[EventDate "2019.10.01"]

1. e4 e5 2. Nf3 Nc6 3. Bc4 Bc5 4. O-O Nge7 5. Re1 O-O 6. c3 d5 7. exd5 Nxd5 8.
Nxe5 Nxe5 9. Rxe5 Bxf2+ 10. Kh1 Nb6 11. Bb3 Qf6 12. d4 h6 13. Nd2 Bf5 14. Qf3
Bg6 15. Qxf6 gxf6 16. Re2 Bh4 17. Nf3 Bg5 18. Re7 Bxc1 19. Rxc1 Rfc8 20. Nh4
Bh5 21. g4 Kf8 22. Rce1 Bg6 23. Nxg6+ fxg6 24. Rf7+ Kg8 25. Ree7 c6 26. Rg7+
Kf8 27. Ref7+ Ke8 28. Rg8# 1-0

[Event "Deutsche Ländermeisterschaft 2019"]
[Site "Würzburg GER"]
[Date "2019.10.02"]
[Round "1"]
[White "Henninger, Claire"]
[Black "Fischer, Darja"]
[Result "0-1"]
[Termination "normal"]
[Board "9.7"]
[WhiteElo "1471"]
[BlackElo "1597"]
[WhiteTeam "Baden 2"]
[BlackTeam "Baden 1"]
[PlyCount "118"]
[WhiteFideId "16200659"]
[BlackFideId "16240898"]
[EventCountry "GER"]
[EventRounds "7"]
[EventType "team-swiss"]
[EventDate "2019.10.01"]

1. e4 c6 2. d4 d5 3. Nc3 dxe4 4. Nxe4 Bf5 5. Ng3 Bg6 6. Nf3 Nd7 7. Bd3 Ngf6 8.
O-O e6 9. Re1 Bd6 10. Ne5 Qe7 11. Nxd7 Qxd7 12. Nf5 Bxf5 13. Bxf5 O-O-O 14. Bh3
c5 15. c3 cxd4 16. Qxd4 Kb8 17. Bf4 Bxf4 18. Qxf4+ Qd6 19. Qxd6+ Rxd6 20. Rad1
Rhd8 21. Rxd6 Rxd6 22. f3 Rd2 23. Rb1 Nd5 24. g3 Ne3 25. Bf1 Nxf1 26. Kxf1 Rxh2
27. Kg1 Rd2 28. a3 Rc2 29. b3 Rxc3 30. Kf2 Kc7 31. a4 Kc6 32. b4 Kd6 33. Rd1+
Ke7 34. Rd4 e5 35. Rh4 h6 36. Re4 f6 37. g4 g5 38. a5 Ke6 39. Kg3 f5 40. Re2
fxg4 41. Kxg4 Rc4+ 42. Kh5 Kf6 43. Re4 Rxe4 44. fxe4 a6 45. Kg4 Kg6 46. Kh3 h5
47. Kg3 g4 48. Kh4 Kh6 49. Kg3 Kg5 50. Kg2 h4 51. Kf2 Kf4 52. Kg2 h3+ 53. Kf2
g3+ 54. Kf1 Kf3 55. Kg1 h2+ 56. Kh1 Kf2 57. b5 g2+ 58. Kxh2 g1=Q+ 59. Kh3 Qg3#
0-1